00445nam a2200121Ia 4500008004100000100002500041245004500066245003400111260000900145856007700154999001900231952007300250160531s9999 xx 000 0 und d aTyshenko, Michael G. 4aThe Continuum of Health Risk Assessments cEdited by Michael G. Tyshenko c2012 uhttp://www.intechopen.com/books/the-continuum-of-health-risk-assessments c295443d295443 001040aCLbCLd2016-05-31l0r2016-05-31 00:00:00w2016-05-31yCBE